000 00694cam a22002291 4500
001 sa 68004643
003 DLC
005 20260227112502.0
008 681211s1966 ii 00010 eng
010 _asa 68004643 //r882
025 _aPL480:I-E-8590
050 0 _aJQ298.I5
_bM33
082 _a329.9/54
100 1 0 _aMalaviya, H. D.
_q(Harsh Dev),
_d1917-
245 1 0 _aSocialist ideology of Congress;
_ba study in its evolution
_c[by] H. D. Malaviya. Foreword by K. Kamaraj.
250 _a[1st ed.]
260 0 _aNew Delhi,
_bSocialist Congressman
_c[1966]
300 _aix, 74, lxxiv p.
_c22 cm.
350 _aRs 5
610 2 0 _aIndian National Congress.
650 0 _aSocialism
_zIndia.
999 _c80254
_d80254